| 000 | 02217cam a2200337 a 4500 | ||
|---|---|---|---|
| 003 | OSt | ||
| 005 | 20140310182450.0 | ||
| 008 | 070720s2009 paua b 001 0 eng | ||
| 020 | _a9781416046882 | ||
| 050 | 0 | 0 |
_aQR 181 _b.Ab28 2009 |
| 100 | 1 |
_aAbbas, Abul K. _97864 |
|
| 245 | 1 | 0 |
_aBasic immunology : _bfunctions and disorders of the immune system / _cAbul K. Abbas, Andrew H. Lichtman. |
| 250 | _a3rd ed. | ||
| 260 |
_aPhiladelphia, PA : _bSaunders/Elsevier, _cc2009. |
||
| 300 |
_a312 p. : _bcol. ill. ; _c24 cm. |
||
| 500 | _aIncludes bibliographical references (p. 239-243) and index. | ||
| 505 | 0 | _aIntroduction to the immune system : the nomenclature, general properties, and components of the immune system -- Innate immunity : the early defense against infections -- Antigen capture and presentation to lymphoctyes : what lymphocytes see -- Antigen recognition in the adaptive immune system : structure of lymphocyte antigen receptors and the development of immune repertoires -- | |
| 505 | 0 | _aCell-mediated immune responses : activation of T lymphocytes by cell-associated microbes -- Effector mechanisms of cell-mediated immunity : eradication of intracellular microbes -- Humoral immune responses : activation of B lymphocytes and production of antibodies -- Effector mechanisms of humoral immunity : the elimination of extracellular microbes and toxins -- | |
| 505 | 0 | _aImmunological tolerance and autoimmunity : self-nonself discrimination in the immune system and its failure -- Immune responses against tumors and transplants : immunity to noninfectious transformed and foreign cells -- Hypersensitivity diseases : disorders caused by immune responses -- Congenital and acquired immunodeficiencies : diseases caused by defective immune responses. | |
| 650 | 0 |
_aImmunology. _97841 |
|
| 650 | 0 |
_aImmunity. _97842 |
|
| 650 | 1 | 2 |
_aImmunity. _97842 |
| 650 | 2 | 2 |
_aHypersensitivity. _98021 |
| 650 | 2 | 2 |
_aImmune System _xphysiology. _98022 |
| 650 | 2 | 2 |
_aImmunologic Deficiency Syndromes. _98023 |
| 700 | 1 |
_aLichtman, Andrew H. _98024 |
|
| 856 | 4 | 1 |
_3Table of contents only _uhttp://www.loc.gov/catdir/toc/ecip0723/2007030085.html |
| 942 |
_2lcc _cSSLC |
||
| 999 |
_c13662 _d13662 |
||